<?xml version="1.0" encoding="UTF-8"?>
<record
    xmlns:xsi="http://www.w3.org/2001/XMLSchema-instance"
    xsi:schemaLocation="http://www.loc.gov/MARC21/slim http://www.loc.gov/standards/marcxml/schema/MARC21slim.xsd"
    xmlns="http://www.loc.gov/MARC21/slim">

  <leader>00727cam a2200241 a 4500</leader>
  <controlfield tag="001">TB12481</controlfield>
  <controlfield tag="003">IN-BhIIT</controlfield>
  <controlfield tag="005">20260427173954.0</controlfield>
  <controlfield tag="008">960827s1997    njua     b    001 0 eng  </controlfield>
  <datafield tag="020" ind1=" " ind2=" ">
    <subfield code="a">9789332587410</subfield>
  </datafield>
  <datafield tag="040" ind1=" " ind2=" ">
    <subfield code="a">IN-BhIIT</subfield>
  </datafield>
  <datafield tag="041" ind1=" " ind2=" ">
    <subfield code="a">eng</subfield>
  </datafield>
  <datafield tag="082" ind1="0" ind2="0">
    <subfield code="a">621.38152</subfield>
    <subfield code="b">BHA/S</subfield>
  </datafield>
  <datafield tag="100" ind1="1" ind2=" ">
    <subfield code="a">Bhattacharya, Pallab.</subfield>
    <subfield code="e">Author</subfield>
    <subfield code="9">16078</subfield>
  </datafield>
  <datafield tag="245" ind1="1" ind2="0">
    <subfield code="a">Semiconductor optoelectronic devices /</subfield>
    <subfield code="c">by Pallab Bhattacharya.</subfield>
  </datafield>
  <datafield tag="250" ind1=" " ind2=" ">
    <subfield code="a">2nd ed.</subfield>
  </datafield>
  <datafield tag="260" ind1=" " ind2=" ">
    <subfield code="a">Noida :</subfield>
    <subfield code="b">Pearson India Education Services,</subfield>
    <subfield code="c">2024.</subfield>
  </datafield>
  <datafield tag="300" ind1=" " ind2=" ">
    <subfield code="a">xviii, 641 p. :</subfield>
    <subfield code="b">ill. ;</subfield>
    <subfield code="c">24 cm.</subfield>
  </datafield>
  <datafield tag="504" ind1=" " ind2=" ">
    <subfield code="a">Includes bibliographical references and index.</subfield>
  </datafield>
  <datafield tag="650" ind1=" " ind2="0">
    <subfield code="a">Optoelectronic devices.</subfield>
    <subfield code="9">4400</subfield>
  </datafield>
  <datafield tag="650" ind1=" " ind2="0">
    <subfield code="a">Semiconductors.</subfield>
    <subfield code="9">27733</subfield>
  </datafield>
  <datafield tag="942" ind1=" " ind2=" ">
    <subfield code="c">TB</subfield>
    <subfield code="0">1</subfield>
  </datafield>
  <datafield tag="999" ind1=" " ind2=" ">
    <subfield code="c">14927</subfield>
    <subfield code="d">14927</subfield>
  </datafield>
  <datafield tag="952" ind1=" " ind2=" ">
    <subfield code="0">0</subfield>
    <subfield code="1">0</subfield>
    <subfield code="2">ddc</subfield>
    <subfield code="4">0</subfield>
    <subfield code="7">0</subfield>
    <subfield code="8">SBS</subfield>
    <subfield code="a">CLIITBBS</subfield>
    <subfield code="b">CLIITBBS</subfield>
    <subfield code="d">2025-03-13</subfield>
    <subfield code="e">33</subfield>
    <subfield code="g">656.25</subfield>
    <subfield code="l">1</subfield>
    <subfield code="o">621.38152 BHA/S</subfield>
    <subfield code="p">TB12483</subfield>
    <subfield code="q">2026-06-29</subfield>
    <subfield code="r">2026-04-27 17:39:54</subfield>
    <subfield code="s">2026-04-27</subfield>
    <subfield code="v">875.00</subfield>
    <subfield code="w">2025-03-13</subfield>
    <subfield code="y">TB</subfield>
  </datafield>
  <datafield tag="952" ind1=" " ind2=" ">
    <subfield code="0">0</subfield>
    <subfield code="1">0</subfield>
    <subfield code="2">ddc</subfield>
    <subfield code="4">0</subfield>
    <subfield code="7">0</subfield>
    <subfield code="8">SBS</subfield>
    <subfield code="a">CLIITBBS</subfield>
    <subfield code="b">CLIITBBS</subfield>
    <subfield code="d">2025-03-13</subfield>
    <subfield code="e">33</subfield>
    <subfield code="g">656.25</subfield>
    <subfield code="l">0</subfield>
    <subfield code="o">621.38152 BHA/S</subfield>
    <subfield code="p">TB12482</subfield>
    <subfield code="r">2025-03-13 00:00:00</subfield>
    <subfield code="v">875.00</subfield>
    <subfield code="w">2025-03-13</subfield>
    <subfield code="y">TB</subfield>
  </datafield>
  <datafield tag="952" ind1=" " ind2=" ">
    <subfield code="0">0</subfield>
    <subfield code="1">0</subfield>
    <subfield code="2">ddc</subfield>
    <subfield code="4">0</subfield>
    <subfield code="7">0</subfield>
    <subfield code="8">SBS</subfield>
    <subfield code="a">CLIITBBS</subfield>
    <subfield code="b">CLIITBBS</subfield>
    <subfield code="d">2025-03-13</subfield>
    <subfield code="e">33</subfield>
    <subfield code="g">656.25</subfield>
    <subfield code="l">0</subfield>
    <subfield code="o">621.38152 BHA/S</subfield>
    <subfield code="p">TB12481</subfield>
    <subfield code="r">2025-03-13 00:00:00</subfield>
    <subfield code="v">875.00</subfield>
    <subfield code="w">2025-03-13</subfield>
    <subfield code="y">TB</subfield>
  </datafield>
</record>
